BULDERS AND AWARENESS CREATORS A OF MODERN PHARMACY VOL -5 (Record no. 8209)

MARC details
000 -LEADER
fixed length control field 00482nam a22001817a 4500
005 - DATE AND TIME OF LATEST TRANSACTION
control field 20230125123459.0
008 - FIXED-LENGTH DATA ELEMENTS--GENERAL INFORMATION
fixed length control field 230125b |||||||| |||| 00| 0 eng d
020 ## - INTERNATIONAL STANDARD BOOK NUMBER
ISBN 81-85731-446
041 ## - LANGUAGE CODE
Language code of text/sound track or separate title eng
082 ## - DEWEY DECIMAL CLASSIFICATION NUMBER
Classification number 615.10 SIN -B
100 ## - MAIN ENTRY--AUTHOR NAME
Personal name SINGH, HARKISHNA
245 ## - TITLE STATEMENT
Title BULDERS AND AWARENESS CREATORS A OF MODERN PHARMACY VOL -5
250 ## - EDITION STATEMENT
Edition statement 1st ed.
260 ## - PUBLICATION, DISTRIBUTION, ETC. (IMPRINT)
Name of publisher VALLABH PRAKASHAN
Year of publication 2008
300 ## - PHYSICAL DESCRIPTION
Number of Pages 362;P.
650 ## - SUBJECT ADDED ENTRY--TOPICAL TERM
Topical Term PHARMACY
General subdivision D.PHARMA
942 ## - ADDED ENTRY ELEMENTS (KOHA)
Koha item type Books

No items available.